LEADER 01142nam a2200253 u 4500 001 000000091816 003 CaOOAMICUS 005 20070226124854.0 008 060328m19631978gw u000 u ger u 035 $a11083383 040 $aPUL(R)$bita 100 1 $aKuss, Otto.$0(OLS)http://pul/name/25246 245 14$aDer Römerbrief /$cübersetzt und erklärt von Otto Kuss. 250 $a2. unveränderte aufl (v. 1-2). 260 $aRegensburg :$bF. Pustet,$c1963-1978. 300 $a3 v. ;$c24 cm 500 $aI volumi 1 e 2 hanno la seconda edizione ma la paginazione è continua nei tre volumi. 505 0 $av. 1. Erste Lieferung (Röm 1,1 bis 6,11). -- v. 2. Zweite Lieferung (Röm 6,11 bis 8,19). -- v. 3. Dritte Lieferung (Röm 6,11 bis 8,19). 630 04$aBiblia.$pN.T.$pAd Romanos$xCommenti.$0(OLS)http://pul/subject/1766 850 $aPUL 852 $aPUL$W1$xDP1 Fondo Seidl$y56$m2 C 64$j115583$nBK-PRI$b $qFondi$B115583$CPULBib$Z2$F115583 $HPUL91641-3 $81 941 1 $a1 996 $6245$aDer Römerbrief$9(OLS)http://pul/title/118497 996 $6260$aRegensburg :$bF. Pustet$9(OLS)http://pul/publisher/49708 LEADER 01333nam a2200313 u 4500 001 000000110274 003 CaOOAMICUS 005 20080304101609.0 008 080304s2008 it u000 u ita u 020 $z978-88-598-0219-8* 040 $aPUL$bita$dLDB 100 1 $aCampobasso, Gian Franco,$d1942-2003.$0(OLS)http://pul/name/30569 245 10$aDiritto commerciale /$cGian Franco Campobasso. 250 $a4. ed. /$ba cura di M. Campobasso. 260 $aTorino :$bUTET Giuridica,$c2008. 300 $av. ;$c24 cm. 490 1 $aIl sistema giuridico italiano 504 $aBibliografia a piè pagina. 505 1 $av. 3. Contratti. Titoli di credito. Procedure concorsuali. 650 4$aDiritto commerciale$zItalia.$0(OLS)http://pul/subject/1274 650 4$aContratti.$0(OLS)http://pul/subject/3380 830 3$aIl sistema giuridico italiano.$0(OLS)http://pul/title/56027 850 $aPUL 852 $aPUL$W1$xDP2 Diritto e Scienze Sociali 3$y110$m346.450 CAMGI 1$j126308$qDDC 21$B125034$CPULBib$Z2$F125034 $H106525 $82 941 1 $a9 960 $aDiritto contrattuale$93380 996 $6020$z978-88-598-0219-8*$9(OLS)http://pul/number/137308 996 $6245$aDiritto commerciale$9(OLS)http://pul/title/56026 996 $6260$aTorino :$bUTET Giuridica$9(OLS)http://pul/publisher/79191